• 首页
  • 本馆介绍
  • 公告通知
  • 最新文献
  • 馆藏检索
  • 电子资源
  • 读者导购
  • 参考咨询
  • 我的图书馆
  • 登录
  • 详细信息显示
  • 放入我的书架
  • 预约/预借图书
  • 作者相关作品
  • 分类相关作品
  • 丛书相关作品
  • 出版社相关作品

书目信息

  • 表格格式
  • 工作单格式
  • 卡片格式
题名:
文化创意
    
 
作者: 包晓光 主编
分册:  
出版信息: 北京   中国广播电视出版社  2010
页数: 304页
开本: 24cm
丛书名:
单 册:
中图分类: G127.1
科图分类:
主题词: 高等学校--gao deng xue xiao--文化--产业--研究报告--北京市
电子资源:
ISBN: 978-7-5043-6200-1
000 00935nam0 2200265 450
001 012001000918
005 20131025124527.0
010    @a978-7-5043-6200-1@dCNY40.00
099    @aCAL 012010239360
100    @a20101101d2010 ekmy0chiy0120 ea
101 0  @achi
102    @aCN@b110000
105    @aack a 000yy
106    @ar
200 1  @a文化创意@Awen hua chuang yi@e大学的抉择@e北京市文化创意产业专业与学科建设研究报告@f包晓光主编
210    @a北京@c中国广播电视出版社@d2010
215    @a304页@c图, 肖像@d24cm
320    @a有书目
517 1  @a大学的抉择@Ada xue de jue ze
517 1  @a北京市文化创意产业专业与学科建设研究报告@Abei jing shi wen hua chuang yi chan ye zhuan ye yu xue ke jian she yan jiu bao gao
606 0  @a高等学校@Agao deng xue xiao@x文化@x产业@x研究报告@y北京市
690    @aG127.1@v4
701  0 @a包晓光@Abao xiao guang@4主编
801  0 @aCN@b江苏凤凰@c20191020
905    @b1221842-5@dG127.1@e298@f4
    
    文化创意:大学的抉择:北京市文化创意产业专业与学科建设研究报告/包晓光主编.-北京:中国广播电视出版社,2010
    304页:图, 肖像;24cm
    
    
    ISBN 978-7-5043-6200-1:CNY40.00
    
●
相关链接 在E读中查询图书 在五车中查询图书 在当当中查询图书 在豆瓣中查询图书


正题名:文化创意     索取号:G127.1/298         预约/预借

序号 登录号 条形码 馆藏地/架位号 状态 备注
1 1221842   212218429   第一样本阅览室/ [索取号:G127.1/298] 在馆    
2 1221843   212218438   教育系资料室/ [索取号:G127.1/298] 在馆    
3 1221844   212218447   教育系资料室/ [索取号:G127.1/298] 在馆    
4 1221845   212218456   第四借阅区/ [索取号:G127.1/298] 在馆    
唐山师范学院图书馆 欢迎您!
大连网信软件有限公司© 版权所有